00865cam a22002771 4500001001300000003000400013005001700017008004100034010001700075035001900092040004800111050002200159051001400181082001100195100002700206245009100233260002300324300002600347410004700373500004500420504003400465650002200499650002400521650002500545999001700570gs 52000139 DLC20260227111358.0771010s1951 xx 000 0 eng c ags 52000139  a(OCoLC)3329905 aU.S. Geol. Survey. Lib.cNmLcUdNmLcUdDLC00aQE81b.A15 no. 63 aQE81b.G7 a557.611 aGriffin, Robert Hardy.10aStructure and petrography of the Hillabee sill and associated metamorphics of Alabama. aUniversity,c1951. a74 p.billus.c28 cm.20aGeological Survey of AlabamatBulletinv63 aFolded map and folded profile in pocket. a"References cited": p. 73-74. 0aGeologyzAlabama. 0aPetrologyzAlabama. 0aGeology, Structural. c28640d28640